000 01956nam a2200457Ki 4500
001 vtls003276661
003 MY-SjTCS
005 20200508124433.0
006 m d
007 cr cnu---unuuu
008 181121s2017 gw ab ob 100 0 eng d
020 _a9783643959102
_q(electronic bk.)
020 _a3643959109
_q(electronic bk.)
020 _z9783643909107
020 _z3643909101
035 _a1686850
_b(N$T)
035 _a(OCoLC)1060605739
035 _a(OCoLC)on1060605739
039 9 _y201811211439
_zshuhada
040 _aN$T
_beng
_erda
_epn
_cN$T
049 _aMAIN
082 0 4 _a720/.47
_223
245 0 0 _aFloating architecture :
_bconstruction on and near water /
_cedited by Horst Stopp and Peter Strangfeld.
264 1 _aBerlin :
_bLIT Verlag,
_c[2017]
300 _a1 online resource (134 pages) :
_billustrations, maps.
336 _atext
_2rdacontent
337 _acomputer
_2rdamedia
338 _aonline resource
_2rdacarrier
490 1 _aSchwimmende Architektur/Floating architecture: Bauen am und auf dem Wasser/Building at the and on the water ;
_vBand 1/volume 1
504 _aIncludes bibliographical references.
588 0 _aPrint version record.
590 _aAdded to collection customer.56279.3
650 0 _aWater and architecture
_vCongresses.
_9292804
650 0 _aFloating buildings
_vCongresses.
_9292805
655 4 _aElectronic books.
_9201578
700 1 _aStopp, Horst,
_eeditor.
_9292806
700 1 _aStrangfeld, Peter,
_eeditor.
_9292807
776 0 8 _iPrint version:
_tFloating architecture.
_dBerlin : LIT Verlag, [2017]
_z9783643909107
_w(DLC) 2017446073
_w(OCoLC)992740647
830 0 _aSchwimmende Architektur - Bauen am und auf dem Wasser ;
_vBand 1.
_9292808
856 4 0 _uhttps://ezproxy.taylors.edu.my/login?url=http://search.ebscohost.com/login.aspx?direct=true&scope=site&db=nlebk&db=nlabk&AN=1686850
_zAn electronic book accessible through the World Wide Web; click to view
999 _c65790